| 000 | 00584cam a2200169 a 4500 | ||
|---|---|---|---|
| 020 | _a0073033758 (acidfree paper) | ||
| 020 | _a9780073033754 (acidfree paper) | ||
| 040 | _cDLC | ||
| 082 | 0 | 0 | _a973 HIL 1999 A087 Or. |
| 245 | 0 | 0 |
_aNation of nations : _ba concise narrative of the American republic / |
| 250 | _a2nd ed. | ||
| 260 |
_aBoston : _bMcGraw-Hill, _cc1999. |
||
| 300 |
_axxxii, 955 p. : _bill., col. maps ; _c24 cm. |
||
| 500 | _aAdapted from Nation of nations: a narrative history of the American republic, 2nd ed. c1994. | ||
| 700 | 1 | _aDavidson, James West. | |
| 942 | _cEK | ||
| 999 |
_c17052 _d17052 |
||